| 000 | 00552nam a2200205 a 4500 | ||
|---|---|---|---|
| 005 | 20140310183602.0 | ||
| 008 | 120802s19uu xx 00 eng d | ||
| 020 | _a9789814352888 | ||
| 050 |
_aHG 173 _b.M473 2011 |
||
| 100 | _aMayo, Herbert B. | ||
| 245 |
_aBasic finance / _cHerbert B. Mayo. |
||
| 260 |
_aSingapore : _bCengage Learning Asia, _c2011. |
||
| 300 |
_a137 p. : _c23 cm. |
||
| 440 | _aPhilippine ed. | ||
| 521 | _aBSBA | ||
| 650 |
_aBusiness enterprises _xFinance |
||
| 650 | _aFinance | ||
| 942 |
_cBK _2lcc _kFOR |
||
| 999 |
_c25119 _d25119 |
||